Countries with the Largest Amount of Troops in WW1 - Statistics

General Stats
  • This quiz has been taken 916 times
  • The average score is 9 of 15
Answer Stats
Troop # Answer % Correct
12,000,000 Russia
100%
11,000,000 Germany
98%
8,904,467 United Kingdom
93%
8,410,000 France
91%
7,800,000 Austria-Hungary
85%
5,615,000 Italy
73%
4,743,826 United States
71%
2,850,000 Ottoman Empire
62%
1,200,000 Bulgaria
49%
707,343 Serbia
35%
800,000 Japan
33%
750,000 Romania
31%
267,000 Belgium
23%
230,000 Greece
22%
65,166 Portugal
13%
No matching quizzes found
Score Distribution
Percent of People with Each Score
Percentile by Number Answered
Your Score History
You have not taken this quiz